00330nam a2200133Ia 45000030006000000080041000060400015000471000015000622450044000772500012001212600034001335460012001670050017001790STCL150530s9999 xx 000 0 und d aSTCLcSTCL aYapp, W.B. aBorradiles manual of elementary zoology aTwlveth bOxford University pressc1955 aEnglish20220125170415.0